Hlad a chudoba predstavujú najvážnejšie problémy
Nositelia Nobelovej ceny za ekonómiu vyjadrujú svoje názory na otázky týkajúce sa prognóz rozvoja USA, EÚ a Číny. Posudzujú hospodársku politiku vybraných krajín. Typujú oblasti negatívneho pôsobenia trhovej sily. Pomenúvajú najväčšie ekonomické výzvy súčasného sveta. Vyjadrujú sa k vyváženosti svet...
Gespeichert in:
| 1. Verfasser: | |
|---|---|
| Format: | Buchkapitel |
| Sprache: | Slowakisch |
| Schlagworte: | |
| Tags: |
Keine Tags, Fügen Sie das erste Tag hinzu!
|
MARC
| LEADER | 00000naa$a2200000$$$4500 | ||
|---|---|---|---|
| 001 | 0018499 | ||
| 005 | 20231004124549.7 | ||
| 041 | 0 | |a slo | |
| 044 | |a SK | ||
| 245 | 1 | 0 | |a Hlad a chudoba predstavujú najvážnejšie problémy |c Olaf Storbeck |
| 520 | |a Nositelia Nobelovej ceny za ekonómiu vyjadrujú svoje názory na otázky týkajúce sa prognóz rozvoja USA, EÚ a Číny. Posudzujú hospodársku politiku vybraných krajín. Typujú oblasti negatívneho pôsobenia trhovej sily. Pomenúvajú najväčšie ekonomické výzvy súčasného sveta. Vyjadrujú sa k vyváženosti svetového hospodárstva v budúcnosti. | ||
| 610 | 2 | 0 | |a Nobelova cena |
| 610 | 2 | 0 | |a ekonómovia |
| 610 | 2 | 0 | |a politika hospodárska |
| 610 | 2 | 0 | |a politika sociálna |
| 610 | 2 | 0 | |a USA |
| 610 | 2 | 0 | |a Európska únia |
| 610 | 2 | 0 | |a Čína |
| 610 | 2 | 0 | |a chudoba |
| 610 | 2 | 0 | |a globalizácia hospodárstva |
| 100 | 1 | |a Storbeck, Olaf | |